| 000 | 00768nam a2200205 a 4500 | ||
|---|---|---|---|
| 003 | 0 | ||
| 005 | 20250320071753.0 | ||
| 008 | 080915s19uu xx 00 eng d | ||
| 050 |
_aPHS LB 1065 _b.Mo71 2008 |
||
| 100 | _aMorella, Maria Fiona Q. | ||
| 245 |
_aA comparison of peer and parent influence on a student's motivation to study / _cMaria Fiona Q. Morella. |
||
| 260 |
_aLas PiƱas City, Philippines : _bSouthville International School and Colleges, _c2008. |
||
| 300 |
_a33 pages : _billustrations ; _c28 cm. |
||
| 504 | _aIncludes bibliographical references. | ||
| 650 | _aMotivation in education. | ||
| 650 | _aParental influences. | ||
| 650 | _aPeer pressure in adolescence. | ||
| 650 |
_aAcademic achievement _xPsychological aspects. |
||
| 942 |
_2lcc _cPASS |
||
| 999 |
_c98062 _d98062 |
||